Statistics for Words with only one Vowel: U

Click here to take the quiz!

General Stats

  • This quiz has been taken 812 times
    (791 since last reset)
  • The average score is 10 of 20

Answer Stats

HintAnswer% Correct
Ballerina's costumeTutu
86%
Place of worshipChurch
85%
Scrooge: "Bah ––––!"Humbug
85%
Mushroom, yeast, toadstool etcFungus
72%
Spiritual teacherGuru
63%
Outlying district of a citySuburb
61%
Pepe le Pew, for exampleSkunk
59%
Puffy, low-level cloudCumulus
57%
Potato (inf.)Spud
56%
Radio code-word for the letter ZZulu
54%
Element with symbol SSulphur
51%
HonestTruthful
39%
Excess of supply over demandSurplus
38%
Point on which a lever pivotsFulcrum
37%
Not morally right or fairUnjust
27%
Sexually desirousLustful
25%
Fail to resist temptationSuccumb
22%
16 tablespoons-ful, to be preciseCupful
17%
Unable to speak through shockDumbstruck
12%
Causing distressHurtful
9%

Score Distribution

Percentile by Number Answered

Percent of People with Each Score

Your Score History

You have not taken this quiz since the last reset